000 00396nam a22001577a 4500
020 _a81-902186-8-x
082 _aH 305.26
_bSUN/V
100 _aSunil Shishediya
245 _aVridhavastha ke vividh ayam/
_cby Sunil Shishediya
260 _aDelhi:
_bNiharika Publications,
_c2012.
300 _a118p.
650 _aOld Age
650 _aGerentology
650 _aSocial Sciences
942 _cBK
999 _c52014
_d52014